Kisah mereka yang menempah tempat di dalam neraka

Bibliographic Details
Main Author: Ukasyah Abdul Manan al-Tayyibi
Format: Book
Published: Selangor : Pustaka ilmi , 2000
Subjects:

MARC

LEADER 00000cam a2200000 7i4500
001 0000011230
005 20050624.0
020 |a 9830982475 
040 |a INS 
090 0 0 |a BP16688.   |b UK1 
100 1 |a Ukasyah Abdul Manan al-Tayyibi 
245 1 0 |a Kisah mereka yang menempah tempat di dalam neraka   |c Ukasyah Abdul Manan al-Tayyibi 
260 |a Selangor :   |b Pustaka ilmi ,   |c 2000 
300 |a vp :   |b 182p ;   |c 20cm. 
650 0 0 |a Hell (Islam) 
999 |a 0000010952   |b BOOK   |c Open Shelf   |e Default branch